| 000 | 00793cam a2200229 a 4500 | ||
|---|---|---|---|
| 001 | 1160584 | ||
| 005 | 20180918045103.0 | ||
| 008 | 960104s1996 nyuab b 001 0 eng | ||
| 010 | _a 96001875 | ||
| 020 | _a0471133337 (paper : acidfree paper) | ||
| 040 |
_aDLC _cDLC _dDLC |
||
| 041 | _aeng | ||
| 080 | _a004.36 REN | ||
| 082 | 0 | 0 |
_a004.36 REN _220 |
| 100 | 1 | _a28 | |
| 101 | _aSHK | ||
| 245 | 1 | 0 |
_aIntroduction to client/server systems : _cPaul E. Renaud. |
| 504 | _aIncludes bibliographical references (p. 578-587) and index. | ||
| 906 |
_a7 _bcbc _corignew _d1 _eocip _f19 _gy-gencatlg |
||
| 942 |
_2ddc _cBK |
||
| 999 |
_c47915 _d47915 |
||